Państwa byłego Imperium Osmańskiego - nagła śmierć - Statystyki

Ogólne statystyki
  • Ten quiz został rozwiązany 76 razy
  • Średni wynik to 13 z 28
Answers on the Grid
Answers color-coded by a green-red scale on the quiz's grid according to % correct below.
Afganistan
Albania
Algieria
Arabia Saudyjska
Austria
Azerbejdżan
Białoruś
Bośnia i Hercegowina
Bułgaria
Chorwacja
Cypr
Dżibuti
Egipt
Erytrea
Francja
Grecja
Gruzja
Hiszpania
Indie
Irak
Iran
Kazachstan
Kuwejt
Liban
Liechtenstein
Macedonia Północna
Monako
Niemcy
Pakistan
Polska
Portugalia
Rosja
Rumunia
San Marino
Serbia
Sudan
Syria
Tunezja
Turcja
Turkmenistan
Ukraina
Uzbekistan
Węgry
Włochy
 
Statystyki odpowiedzi
Odpowiedź % Poprawnych
Albania
65%
Turcja
65%
Arabia Saudyjska
63%
Bułgaria
63%
Egipt
63%
Cypr
58%
Grecja
58%
Irak
56%
Syria
56%
Bośnia i Hercegowina
53%
Gruzja
53%
Azerbejdżan
49%
Chorwacja
49%
Iran
47%
Liban
47%
Algieria
44%
Tunezja
44%
Kuwejt
42%
Rumunia
40%
Macedonia Północna
37%
Serbia
37%
Ukraina
33%
Austria
30%
Erytrea
30%
Węgry
30%
Sudan
28%
Dżibuti
26%
Rosja
23%
Nie znaleziono quizów pasujących do podanych kryteriów
Rozkład punktacji
Procent ludzi z każdym wynikiem
Percentyl według liczby udzielonych odpowiedzi
Twoja historia wyników
Nie rozwiązałeś tego quizu